000 00339 a2200157 4500
001 190045
020 _a978-85-260-1491-6
040 _cMagnum
100 _aSantanna, Affonso Romano de
240 1 0 _aMelhores poemas
_lpor
245 1 0 _aMelhores poemas
300 _a307
362 0 _a2010
697 _aLITERATURA GERAL
942 _cBK
999 _c190045
_d190045